| 000 | 00505nam a2200181Ia 4500 | ||
|---|---|---|---|
| 005 | 20250423094736.0 | ||
| 008 | 250422s9999 xx 000 0 und d | ||
| 020 | _a9780190062323 | ||
| 050 | _aDS 779.47 .C45/ | ||
| 100 | _aEdited by David Shambaugh | ||
| 245 | 0 | _aChina & the the world | |
| 260 | _aNew York | ||
| 260 | _bOxford University Press | ||
| 260 | _c2020 | ||
| 300 | _a394 p | ||
| 650 | _a Geopolitics--China--21st century. China--Foreign relations. China--History--2002- | ||
| 942 | _cBK | ||
| 999 |
_c28155 _d28155 |
||